UBT Library

Chronology of women's history / (Record no. 39128)

000 -LEADER
fixed length control field 00711pam a2200229 a 4500
001 - CONTROL NUMBER
control field 4890628
005 - DATE AND TIME OF LATEST TRANSACTION
control field 20171218100704.0
008 - FIXED-LENGTH DATA ELEMENTS--GENERAL INFORMATION
fixed length control field 931217s1994 ctu b 001 0 eng
010 ## - LIBRARY OF CONGRESS CONTROL NUMBER
LC control number 93050542
020 ## - INTERNATIONAL STANDARD BOOK NUMBER
International Standard Book Number 0313288038 (alk. paper)
040 ## - CATALOGING SOURCE
Original cataloging agency DLC
Transcribing agency DLC
Modifying agency DLC
041 ## - LANGUAGE CODE
Language code of text/sound track or separate title eng
080 ## - UNIVERSAL DECIMAL CLASSIFICATION NUMBER
Universal Decimal Classification number 305.409 KIR
082 00 - DEWEY DECIMAL CLASSIFICATION NUMBER
Classification number 305.409 KIR
Edition number 20
100 1# - Rafti
Rafti 16
101 ## - Shkurtesa
Shkurtesa HIS
245 10 - TITLE STATEMENT
Title Chronology of women's history /
Statement of responsibility, etc Kirstin Olsen.
504 ## - BIBLIOGRAPHY, ETC. NOTE
Bibliography, etc Includes bibliographical references (p. [395]-398) and index.
906 ## - LOCAL DATA ELEMENT F, LDF (RLIN)
a 7
b cbc
c orignew
d 1
e ocip
f 19
g y-gencatlg
942 ## - ADDED ENTRY ELEMENTS (KOHA)
Source of classification or shelving scheme
Item type Books

No items available.

UBT Library © 2015-2024. All rights reserved University Education for Business and Technology